Cristiano Ronaldo Quiz - Statistics

General Stats
  • This quiz has been taken 129 times
  • The average score is 10 of 15
Answer Stats
Hints Answer % Correct
How many Ballon D'Ors has he won 5
89%
Amount of professional clubs played for 5
87%
Goals for Real Madrid to the nearest 100 500
79%
Team who he has played for in England Manchester United
78%
Team who he has played for in Italy Juventus
77%
Country who he plays for nationally Portugal
76%
How many Euro's has he won with Portugal 1
75%
Person who he is in a famous rivalry with Lionel Messi
75%
Team who he has played for in Saudi Arabia Al-Nassr
72%
Goals for country to the nearest 10 140
66%
Who was his most famous bicycle kick against? Juventus
65%
Team who he has played for in Portugal Sporting Lisbon
53%
Place of birth (it is an archipelago) Madeira
52%
How many Champions League goals does Ronaldo have? 140
47%
Assists in whole club career to the nearest 10 240
44%
No matching quizzes found
Score Distribution
Percent of People with Each Score
Percentile by Number Answered
Your Score History
You have not taken this quiz